00528nam a2200193 a 4500001001300000003000900013005001700022008004100039020002300080082001400103100001800117245006300135260003700198300001000235500003500245505001200280650002400292700001800316nice12345678IN_TiNIC20260116014346.0100412s2003 seca grp 000 0 eng  a9788173625381c79500a230bGRU1 aGrudem, Wayne aSystematic Theologyb An Introduction to Biblical Doctrine aSec-Bad bAuthentic Books c2003 a1290p aincludes index and biblioraphy2 aIndices aTheology-Systematic1 aGrudem, Wayne